| 000 | nam a22 7a 4500 | ||
|---|---|---|---|
| 999 |
_c46263 _d46263 |
||
| 003 | OSt | ||
| 005 | 20190412123929.0 | ||
| 008 | 190412b xxu||||| |||| 00| 0 eng d | ||
| 040 | _cIIMT UNIVERSITY | ||
| 100 | _aDREHER GEORGE.F | ||
| 245 | _aHUMAN RESOURCE STRATEGY | ||
| 260 |
_aN.DELHI _bTMH PUB _c2010 |
||
| 300 | _a340 | ||
| 942 |
_2ddc _c02 _e2010 |
||